[Event "Turkish Super League 2019"]
[Site "Konya"]
[Date "2019.07.21"]
[Round "6"]
[White "Can, Isik"]
[Black "Ozer, Omer Faruk"]
[Result "1-0"]
[WhiteElo "2374"]
[BlackElo "2369"]
[Annotator "NA"]
[PlyCount "109"]
[EventDate "2019.07.17"]
[EventType "team-tourn"]
[EventCountry "TUR"]
[SourceTitle "playchess.com"]
[Source "ChessBase"]
[SourceQuality "1"]
[TimeControl "40/5400+30:1800+30"]

1. e4 c5 2. Nf3 Nc6 3. d4 cxd4 4. Nxd4 Nf6 5. Nc3 e5 6. Ndb5 d6 7. Bg5 a6 8. Na3 Be6 9. Nc4 Rb8 10. Nd5 Bxd5 11. exd5 Na7 12. a4 Be7 13. Be2 O-O 14. Be3 Nc8 15. O-O Nd7 16. f3 Bg5 17. Bf2 Ndb6 18. Nxb6 Nxb6 19. a5 Nd7 20. b4 Qf6 21. c4 Qh6 22. Qb3 Rbc8 23. Ra2 Rfe8 24. Bd3 Be3 25. Bxh7+ Qxh7 26. Bxe3 f5 27. c5 f4 28. Bf2 Nf6 29. cxd6 Rcd8 30. Bc5 e4 31. fxe4 Qxe4 32. Rd2 g5 33. g3 Kf7 34. Qd3 Re5 35. Qxe4 Rxe4 36. Kg2 Kg6 37. Rb1 g4 38. gxf4 Nh5 39. f5+ Kxf5 40. Rf1+ {[%emt 1:17:00]} Nf4+ {[%emt 1:19:00]} 41. Kh1 {[%emt 0:30:30]} Ke5 {[%emt 0:32:30]} 42. Rdf2 {[%emt 0:18:10]} Rd7 {[%emt 0:04:30]} 43. Rd1 {[%emt 0:02:35]} Rh7 {[%emt 0:04:30]} 44. d7 {[%emt 0:02:28]} Rxd7 {[%emt 0:00:30]} 45. d6 {[%emt 0:00:00]} Ke6 {[%emt 0:01:30]} 46. Rff1 {[%emt 0:04:41]} Rh7 {[%emt 0:04:02]} 47. Rfe1 {[%emt 0:02:46]} Ne2 {[%emt 0:00:12]} 48. Kg2 {[%emt 0:01:43]} Kd7 {[%emt 0:00:16]} 49. Bf2 {[%emt 0:00:25]} Nf4+ {[%emt 0:05:20]} 50. Kh1 {[%emt 0:00:01]} Ne2 {[%emt 0:00:10]} 51. Rc1 {[%emt 0:01:18]} Rh3 {[%emt 0:05:34]} 52. Rc7+ {[%emt 0:00:46]} Kxd6 {[%emt 0:00:21]} 53. Rc2 {[%emt 0:00:20]} g3 {[%emt 0:06:35]} 54. Bc5+ {[%emt 0:00:00]} Kd5 {[%emt 0:00:23]} 55. Rexe2 {[%emt 0:00:04]} 1-0

[Event "Turkish Super League 2019"]
[Site "Konya"]
[Date "2019.07.21"]
[Round "6"]
[White "Tarlabasi, Emirhan"]
[Black "Sevgi, Volkan"]
[Result "1-0"]
[WhiteElo "2352"]
[BlackElo "2302"]
[Annotator "NA"]
[PlyCount "115"]
[EventDate "2019.07.17"]
[EventType "team-tourn"]
[EventCountry "TUR"]
[SourceTitle "playchess.com"]
[Source "ChessBase"]
[SourceQuality "1"]
[TimeControl "40/5400+30:1800+30"]

1. d4 Nf6 2. c4 e6 3. Nf3 b6 4. a3 Ba6 5. Nbd2 d5 6. e3 Be7 7. Bd3 O-O 8. b3 c5 9. dxc5 bxc5 10. O-O Bb7 11. Bb2 Nbd7 12. Qc2 Bd6 13. Rac1 Re8 14. Rfe1 Qb8 15. cxd5 exd5 16. e4 d4 17. b4 cxb4 18. Bxd4 a5 19. axb4 axb4 20. Nc4 Bc5 21. Bb2 b3 22. Qb1 Qf4 23. Ncd2 Ng4 24. Re2 Re6 25. g3 Qb8 26. Nxb3 Bxf2+ 27. Rxf2 Nxf2 28. Kxf2 Nf6 29. Bxf6 Rxf6 30. Nc5 Bc6 31. Qxb8+ Rxb8 32. Ke3 Rd8 33. Nd4 g6 34. e5 Re8 35. Ne4 Rxe5 {[%emt 1:45:43]} 36. Rxc6 {[%emt 1:47:05]} Rxc6 {[%emt 0:00:30]} 37. Nxc6 {[%emt 0:00:30]} Re6 {[%emt 0:00:30]} 38. Nd4 {[%emt 0:00:30]} Re7 {[%emt 0:00:30]} 39. g4 {[%emt 0:00:30]} h6 {[%emt 0:00:30]} 40. Bc4 {[%emt 0:00:00]} Kg7 {[%emt 0:01:17]} 41. h4 {[%emt 0:01:55]} Rc7 {[%emt 0:06:30]} 42. Nd6 {[%emt 0:02:30]} Re7+ {[%emt 0:04:30]} 43. Kd3 {[%emt 0:00:30]} Re1 {[%emt 0:03:04]} 44. Nxf7 {[%emt 0:02:30]} Rh1 {[%emt 0:01:11]} 45. Nf3 {[%emt 0:01:30]} Rf1 {[%emt 0:02:05]} 46. N7e5 {[%emt 0:00:30]} Kf6 {[%emt 0:00:35]} 47. g5+ {[%emt 0:00:30]} hxg5 {[%emt 0:00:30]} 48. hxg5+ {[%emt 0:00:00]} Kg7 {[%emt 0:01:15]} 49. Ke3 {[%emt 0:00:00]} Ra1 {[%emt 0:00:00]} 50. Bd3 {[%emt 0:00:30]} Ra8 {[%emt 0:02:20]} 51. Nxg6 {[%emt 0:00:30]} Re8+ {[%emt 0:00:30]} 52. Nge5 {[%emt 0:00:30]} Rh8 {[%emt 0:00:00]} 53. Nd4 {[%emt 0:00:30]} Rh3+ {[%emt 0:00:00]} 54. Kf4 {[%emt 0:00:30]} Rh1 {[%emt 0:00:02]} 55. Nf5+ {[%emt 0:00:30]} Kh8 {[%emt 0:00:09]} 56. g6 {[%emt 0:01:30]} Rh3 {[%emt 0:01:14]} 57. Nf7+ {[%emt 0:00:30]} Kg8 {[%emt 0:00:07]} 58. N7h6+ {[%emt 0:00:00]} 1-0

[Event "Turkish Super League 2019"]
[Site "Konya"]
[Date "2019.07.21"]
[Round "6"]
[White "Savina, Anastasia"]
[Black "Injac, Teodora"]
[Result "1/2-1/2"]
[WhiteElo "2344"]
[BlackElo "2305"]
[Annotator "TA"]
[PlyCount "133"]
[EventDate "2019.07.17"]
[EventType "team-tourn"]
[EventCountry "TUR"]
[SourceTitle "playchess.com"]
[Source "ChessBase"]
[SourceQuality "1"]

{[%evp 9,133,3,0,0,6,-14,0,0,0,0,0,0,0,-7,4,-6,12,-30,-6,-11,-2,-15,-3,-13,37,54,67,77,82,80,98,92,90,92,89,90,132,111,160,166,175,27,29,10,9,9,23,0,0,-8,-12,-108,-118,-112,-69,-77,-77,-77,-77,-77,-77,-77,-77,-77,-77,-77,-61,-77,-77,-77,-77,-77,-77,-77,-77,-77,-77,-77,-77,-77,-77,-77,-77,-77,-77,-77,-61,-61,-61,-61,-37,-37,-37,-37,-37,-37,0,-37,-37,-37,-37,-37,-37,-37,-37,-37,-37,-37,-37,-37,0,-37,-37,-51,0,-42,-37,-37,0,0,0,-10,0,0,0,-25]} 1. d4 Nf6 2. Nf3 g6 3. Nc3 d5 4. Bf4 Bg7 5. Nb5 Na6 6. e3 {D00: 1 d4 d5: Unusual lines} O-O (6... c6 7. Nc3 Nb8 8. h3 O-O 9. Be2 Nbd7 10. O-O Re8 11. Bh2 a5 12. Ne5 Nxe5 13. Bxe5 Ne4 14. Nxe4 Bxe5 15. dxe5 dxe4 16. Qd4 Qxd4 17. exd4 Rd8 18. Rad1 {0-1 (50) Melkumyan,H (2670)-Amin,B (2710) St Petersburg 2018}) 7. h3 c6 8. Nc3 Nc7 9. Be2 Nce8 10. O-O Nd6 11. Be5 b5 12. Nd2 $146 ({Predecessor:} 12. Nb1 a5 13. a4 {1-0 (53) Ladva,O (2522)-Kantans,T (2478) Tallinn 2018}) 12... Bh6 13. Bf3 Bb7 14. Re1 Nd7 15. Bh2 Bg7 16. e4 {[%cal Re4d5]} dxe4 (16... b4 $5 {[%cal Rb4c3]} 17. Na4 Bxd4 $11) 17. Ncxe4 Nxe4 18. Nxe4 Qb6 19. b4 a5 20. Nc5 Nxc5 21. bxc5 Qd8 22. c3 b4 23. Rb1 Ra7 24. cxb4 Bxd4 {White should prevent ...axb4.} 25. Be5 (25. b5 $18 cxb5 26. Bxb7 (26. Rxb5 Bxf3 27. Qxf3 e5 $16) 26... Rxb7 27. c6 Bxf2+ 28. Kf1 (28. Kxf2 Qb6+ 29. Kf1 Qxc6 $16) 28... Qxd1 29. Rbxd1) 25... Bxe5 $11 26. Qxd8 Rxd8 27. Rxe5 e6 28. bxa5 Ba8 29. Rb6 {[#] a6 is the strong threat.} Rxa5 30. Bxc6 (30. Re2 $11) 30... Bxc6 $17 31. Rxc6 Rxa2 $11 {[%mdl 4096] Endgame KRR-KRR} 32. Re1 Rdd2 33. Rf1 Rac2 34. h4 h5 35. g3 Kg7 36. Rd6 Re2 37. c6 e5 38. Rdd1 Rxc6 39. Rfe1 Rxe1+ 40. Rxe1 $17 {KR-KR} Kf6 41. Ra1 Rc7 42. Kg2 Kf5 43. Ra4 Rd7 44. Rb4 Rd4 45. Rb7 Ke6 46. Rb6+ Rd6 47. Rb5 e4 48. Rb4 Ke5 49. Rb5+ Kd4 50. Rb7 f5 51. Ra7 Kd3 52. Kf1 Kd4 53. Ra4+ Ke5 54. Ra5+ Kf6 55. Ra8 Rb6 56. Kg2 Re6 57. Rf8+ Ke5 58. Ra8 Rc6 59. Re8+ Re6 60. Ra8 Rd6 61. Ra5+ Kd4 ({Black should play} 61... Rd5 $15 62. Ra6 Rd6 63. Ra5+ Kf6) 62. Ra8 Kc3 63. Kf1 Rd1+ 64. Ke2 {The position is equal.} Rd2+ 65. Ke3 {[#] Black must now prevent Rc8+.} Rd3+ 66. Ke2 Rd2+ 67. Ke3 {Accuracy: White = 55%, Black = 47%.} 1/2-1/2

[Event "Turkish Super League 2019"]
[Site "Konya"]
[Date "2019.07.21"]
[Round "6"]
[White "Kamer, Kayra"]
[Black "Lobanov, Sergei"]
[Result "0-1"]
[WhiteElo "2340"]
[BlackElo "2505"]
[Annotator "ChessBase"]
[PlyCount "76"]
[EventDate "2019.07.17"]
[EventType "team-tourn"]
[EventCountry "TUR"]
[SourceTitle "playchess.com"]
[Source "ChessBase"]
[SourceQuality "1"]
[TimeControl "40/5400+30:1800+30"]

1. Nf3 {[%emt 0:00:30]} d5 {[%emt 0:00:30]} 2. d4 {[%emt 0:00:30]} Nf6 {[%emt 0:00:30]} 3. c4 {[%emt 0:00:30]} c6 {[%emt 0:00:30]} 4. e3 {[%emt 0:03:30]} e6 {[%emt 0:01:30]} 5. Nc3 {[%emt 0:00:30]} Nbd7 {[%emt 0:00:30]} 6. Qc2 {[%emt 0:00:30]} Bd6 {[%emt 0:03:30]} 7. Bd3 {[%emt 0:04:30]} O-O {[%emt 0:00:00]} 8. e4 {[%emt 0:02:30]} dxc4 {[%emt 0:04:00]} 9. Bxc4 {[%emt 0:00:30]} e5 {[%emt 0:00:00]} 10. dxe5 {[%emt 0:02:30]} Nxe5 {[%emt 0:00:00]} 11. Nxe5 {[%emt 0:01:30]} Bxe5 {[%emt 0:00:30]} 12. Be3 {[%emt 0:00:30]} Ng4 {[%emt 0:04:30]} 13. Bc5 {[%emt 0:00:30]} Re8 {[%emt 0:00:30]} 14. f4 {[%emt 0:07:30]} Qa5 {[%emt 0:04:30]} 15. b4 {[%emt 0:09:30]} Bxc3+ {[%emt 0:00:30]} 16. Qxc3 {[%emt 0:00:30]} Rxe4+ {[%emt 0:00:00]} 17. Kf1 {[%emt 0:02:30]} Rxf4+ {[%emt 0:10:00]} 18. Kg1 {[%emt 0:00:30]} Qd8 {[%emt 0:00:00]} 19. g3 {[%emt 0:01:30]} Re4 {[%emt 0:06:00]} 20. Kg2 {[%emt 0:14:30]} Rxc4 {[%emt 0:08:30]} 21. Qxc4 {[%emt 0:00:30]} Be6 {[%emt 0:00:00]} 22. Qd4 {[%emt 0:04:30]} Bd5+ {[%emt 0:00:00]} 23. Kh3 {[%emt 0:00:30]} Qd7 {[%emt 0:01:30]} 24. Kh4 {[%emt 0:00:30]} f6 {[%emt 0:00:30]} 25. Qxg4 {[%emt 0:03:30]} g5+ {[%emt 0:00:00]} 26. Kh3 {[%emt 0:00:30]} Be6 {[%emt 0:00:00]} 27. Qxe6+ {[%emt 0:00:30]} Qxe6+ {[%emt 0:00:30]} 28. Kg2 {[%emt 0:00:00]} Qe4+ {[%emt 0:00:30]} 29. Kf2 {[%emt 0:00:00]} Rd8 {[%emt 0:00:30]} 30. Rhd1 {[%emt 0:00:00]} Qc2+ {[%emt 0:00:30]} 31. Ke1 {[%emt 0:00:00]} Re8+ {[%emt 0:00:00]} 32. Kf1 {[%emt 0:00:30]} Qxh2 {[%emt 0:00:00]} 33. Re1 {[%emt 0:00:00]} Rxe1+ {[%emt 0:00:30]} 34. Rxe1 {[%emt 0:00:00]} b6 {[%emt 0:00:00]} 35. Re8+ {[%emt 0:00:30]} Kf7 {[%emt 0:00:00]} 36. Re7+ {[%emt 0:00:30]} Kg6 {[%emt 0:00:30]} 37. Bf2 {[%emt 0:00:00]} Qh1+ {[%emt 0:00:00]} 38. Ke2 {[%emt 0:00:00]} Qb1 {[%emt 0:00:00]} 0-1

[Event "Turkish Super League 2019"]
[Site "Konya"]
[Date "2019.07.21"]
[Round "6"]
[White "Tasdogen, Dincer"]
[Black "Tezcan, Emre"]
[Result "1/2-1/2"]
[WhiteElo "2310"]
[BlackElo "2082"]
[Annotator "NA"]
[PlyCount "115"]
[EventDate "2019.07.17"]
[EventType "team-tourn"]
[EventCountry "TUR"]
[SourceTitle "playchess.com"]
[Source "ChessBase"]
[SourceQuality "1"]
[TimeControl "40/5400+30:1800+30"]

1. e4 c5 2. Nf3 d6 3. c3 Nf6 4. h3 g6 5. Bd3 Bg7 6. O-O Nc6 7. Bc2 e5 8. a3 O-O 9. b4 Nh5 10. d3 Qe7 11. Re1 a6 12. Nbd2 Nf4 13. Nc4 Qc7 14. Be3 b5 15. Ncd2 Qe7 16. bxc5 dxc5 17. d4 cxd4 18. cxd4 g5 19. d5 Na5 20. Bb6 Nb7 21. Nh2 Nd6 22. a4 Bd7 23. Ng4 h5 24. Ne3 Qf6 25. Bc5 Rfc8 26. Ba3 g4 27. hxg4 hxg4 28. Ndf1 Nc4 29. Bc1 Nxe3 30. Nxe3 Qh4 31. g3 Qh5 32. Nf5 Bxf5 33. gxf4 exf4 34. Bxf4 Bxa1 35. exf5 Bf6 36. d6 Rc4 37. Bg3 Kg7 38. Be4 Rh8 39. Bg2 Qxf5 40. axb5 axb5 {[%emt 1:16:00]} 41. Qe2 {[%emt 1:53:30]} Rhc8 {[%emt 0:36:30]} 42. Bb7 {[%emt 0:05:30]} Rb8 {[%emt 0:04:30]} 43. Bg2 {[%emt 0:04:59]} Rd8 {[%emt 0:05:11]} 44. Rd1 {[%emt 0:02:53]} Rc2 {[%emt 0:01:56]} 45. Be4 {[%emt 0:03:10]} Rxe2 {[%emt 0:00:13]} 46. Bxf5 {[%emt 0:00:00]} Ra2 {[%emt 0:02:33]} 47. Rd5 {[%emt 0:04:13]} b4 {[%emt 0:00:48]} 48. Rb5 {[%emt 0:00:06]} Bc3 {[%emt 0:03:46]} 49. Rb7 {[%emt 0:00:02]} Rd2 {[%emt 0:01:23]} 50. Be6 {[%emt 0:06:01]} R8xd6 {[%emt 0:02:13]} 51. Bxd6 {[%emt 0:00:45]} Rxd6 {[%emt 0:00:02]} 52. Rxf7+ {[%emt 0:01:05]} Kg6 {[%emt 0:00:13]} 53. Bb3 {[%emt 0:00:05]} Rd2 {[%emt 0:01:17]} 54. Rf4 {[%emt 0:00:43]} Kg5 {[%emt 0:00:46]} 55. Rf8 {[%emt 0:00:05]} Bd4 {[%emt 0:02:20]} 56. Kf1 {[%emt 0:00:43]} Bc5 {[%emt 0:02:22]} 57. Rf7 {[%emt 0:00:45]} Rb2 {[%emt 0:01:08]} 58. Be6 {[%emt 0:00:10]} 1/2-1/2

[Event "Turkish Super League 2019"]
[Site "Konya"]
[Date "2019.07.21"]
[Round "6"]
[White "Caglar, Sila"]
[Black "Yildiz Kadioglu, Betul Cemre"]
[Result "0-1"]
[WhiteElo "2306"]
[BlackElo "2290"]
[Annotator "TA"]
[PlyCount "176"]
[EventDate "2019.07.17"]
[EventType "team-tourn"]
[EventCountry "TUR"]
[SourceTitle "playchess.com"]
[Source "ChessBase"]
[SourceQuality "1"]

{[%evp 17,176,0,38,25,39,10,29,16,27,23,81,81,81,81,83,87,85,-22,-12,-14,-10,-38,0,-6,-5,-18,-19,-23,-10,-41,-41,-36,-41,-35,83,88,80,72,78,84,87,49,65,67,40,0,0,0,0,-83,-20,-20,-20,-20,-8,-8,45,-133,-147,-187,-187,-178,-180,-177,-115,-117,-65,-279,-268,-321,-293,-321,-316,-538,-524,-523,-499,-702,-710,-1054,-638,-1048,-1003,-897,-872,-790,-783,-656,-510,-432,0,-631,-623,-623,-616,-29974,-29975,-29974,-29972,-29969,-29961,-29958,-29957,-29981,-29982,-29981,0,0,0,-29974,-29975,-29973,-29974,-29974,-29975,-29974,-29973,-29972,-29974,-29971,-29972,-29972,-29975,-29968,-12797,-5069,-2093,-29982,-29983,-29983,-29984,-29984,-29985,-29987,-29988,-29988,-29989,-29989,-29990,-29990,-29991,-29991,-29986,-29986,-29987,-29987,-29986,-29986,-29987,-29985,-29986,-29991,-29992,-29992,-29993,-29993,-29994,-29994,-29995,-29998,-29999]} 1. e4 e5 2. Nf3 Nc6 3. d4 exd4 4. Nxd4 Nf6 5. Nxc6 bxc6 6. e5 Qe7 7. Qe2 Nd5 8. c4 $146 ({Predecessor:} 8. Nd2 g6 9. c4 Nb6 {1-0 (27) Howell,D (2676)-Eljanov,P (2711) Riadh 2017}) 8... Nb6 9. Nc3 g6 10. Ne4 $1 {C45: Scotch Game} Bg7 11. Bg5 $1 {[%cal Rg5e7]} Qb4+ 12. Qd2 $1 {[%cal Rd2b4] White has an edge.} Qxd2+ 13. Kxd2 Bxe5 (13... O-O $11) 14. Nf6+ $1 $16 Bxf6 15. Re1+ (15. Bxf6 O-O $15) 15... Kf8 16. Bxf6 Rg8 17. Bd3 (17. Re7 $16) 17... d6 $1 $11 18. h4 Be6 19. h5 Nd7 20. Bg5 $36 {[%mdl 2048] White is more active.} Kg7 21. f4 Rge8 22. hxg6 fxg6 23. Rh6 Nc5 24. Reh1 Bg8 $1 25. f5 Ne4+ (25... gxf5 $15 26. Bf6+ (26. Bxf5 Ne4+ 27. Bxe4 Rxe4 $15) 26... Kf8) 26. Bxe4 $1 $16 Rxe4 27. f6+ Kf8 28. Rxh7 Bxh7 29. Rxh7 {[%mdl 4096] Endgame Black must now prevent f7. KRR-KRB} Kg8 30. Rxc7 {Bh6 is the strong threat.} Rf8 ({Don't blunder} 30... Rxc4 $2 31. Bh6 $18) 31. Rxa7 Rf7 32. Ra8+ Kh7 33. a4 (33. Kd3 $11 {keeps the balance.} Rg4 {[%mdl 64] Double Attack} 34. Bd2) 33... Rxc4 ({Black should try} 33... Rg4 $17 34. Be3 Rxg2+ 35. Kd3 Rxb2) 34. a5 $11 Rg4 35. Be3 c5 36. a6 Rxf6 ({Black should play} 36... g5 $11) 37. g3 $2 (37. Ra7+ $1 $14 {keeps the upper hand.} Kg8 38. Rb7) 37... Ra4 $17 ({Avoid the trap} 37... Rxg3 $2 38. a7 $18) 38. Kc2 d5 39. a7 d4 40. Bf4 {Black should prevent Be5.} Rfa6 (40... Re6 $1 $19 41. Bg5 c4) 41. Be5 {[%csl Ge5][%cal Ra8h8]} g5 (41... Kh6 $17 42. Rh8+ Kg5) 42. Rc8 $2 (42. b4 $1 $15) 42... Rxa7 $19 43. Rxc5 Rd7 $1 44. Kd3 Rb4 45. Rc2 $2 (45. Rc8 {was forced.}) 45... Kg6 46. g4 Rb3+ 47. Kc4 (47. Kd2 $142 Kf7 48. Kd1) 47... Re3 48. Bxd4 Re4 49. Rd2 Rxg4 50. b4 Rf4 51. b5 g4 52. Kc5 Rf5+ 53. Kc4 Rf4 (53... Rf8 $142 54. b6 Rc8+ 55. Kb5 Rcd8) 54. Kc5 {and the idea b6 leaves White hopeful.} Kf5 55. b6 g3 56. Be3 Rxd2 57. Bxd2 {[#] KR-KB} g2 $1 {[%mdl 512]} 58. Be3 Re4 59. Bf2 Re2 60. Bd4 Rc2+ 61. Kb5 Rc1 $2 (61... Ke4 {mates} 62. Bg1 Rc1 63. Bh2 Kd5 64. b7 Rb1+ 65. Ka6 Kc6 66. Ka7 Ra1+ 67. Kb8 Kd7 68. Bg1 Rxg1 69. Ka8 Ra1+ 70. Kb8 Kc6 71. Kc8 g1=Q 72. b8=N+ Kd6 73. Nd7 Qa7 74. Nf8 Qc7#) 62. b7 $1 $11 Ke6 {Hoping for ...Kd5.} (62... Ke4 $5 63. Bf2 $8 Kf3 $11) 63. Ka6 $2 {[%mdl 8192]} (63. Kb6 $11) 63... Rb1 64. Ka7 Kd5 $1 65. Bf2 Kc6 66. b8=N+ Kb5 67. Kb7 Rf1 68. Be3 Kc4 69. Nc6 Kd3 70. Bc5 Rc1 (70... Ke4 $142 71. Na7 Rc1 72. Bf2 Kf3 73. Bd4 Re1 74. Kc7 {[#]} Re3 $1 {[%mdl 576] Promotion} 75. Bxe3 Kxe3 76. Kd7 g1=Q 77. Nc6 Qg4+ 78. Kd6 Ke4 79. Ne7 Qg3+ 80. Kc6 Qc3+ 81. Kd7 Qg7 $1 {[%mdl 512]} 82. Ke6 Qf8 83. Kd6 Qf6+ 84. Kd7 Ke5 85. Nc6+ Kd5 86. Ne7+ Kc5 87. Ng8 Qg6 88. Ke7 Qxg8 89. Kf6 Qd5 90. Kg7 Qg5+ 91. Kf8 Kd6 92. Kf7 Kd7 93. Kf8 Ke6 94. Ke8 Qg8#) 71. Ba7 $19 Ke4 (71... Ra1 $142 72. Bf2 Rf1) 72. Bf2 Rf1 {Black mates.} 73. Bc5 Rb1+ 74. Kc7 Rc1 75. Kd6 {[#]} Rxc5 $1 {[%mdl 576] Remove Defender, Promotion} 76. Kxc5 g1=Q+ 77. Kd6 {[#]} Qb6 $1 78. Kd7 Kd5 79. Ne7+ Ke5 80. Nc6+ Kf6 81. Kd6 Kf5 82. Kd5 Qb5+ 83. Kd6 Ke4 84. Kc7 Kd5 85. Ne7+ Kc5 86. Kd8 Qb7 87. Ke8 Kd6 {[%csl Gd6][%cal Rb7e7]} 88. Ng6 Qg7 {Accuracy: White = 52%, Black = 65%.} 0-1

[Event "Turkish Super League 2019"]
[Site "Konya"]
[Date "2019.07.21"]
[Round "6"]
[White "Maltsevskaya, Aleksandra"]
[Black "Mammadzada, Gunay"]
[Result "0-1"]
[WhiteElo "2294"]
[BlackElo "2427"]
[Annotator "NA"]
[PlyCount "120"]
[EventDate "2019.07.17"]
[EventType "team-tourn"]
[EventCountry "TUR"]
[SourceTitle "playchess.com"]
[Source "ChessBase"]
[SourceQuality "1"]
[TimeControl "40/5400+30:1800+30"]

1. d4 Nf6 2. Nf3 e6 3. c4 Bb4+ 4. Nbd2 O-O 5. a3 Be7 6. e4 d6 7. Qc2 Nfd7 8. Be2 e5 9. dxe5 dxe5 10. O-O a5 11. Rd1 c6 12. Nf1 Qc7 13. Ng3 Re8 14. Bd2 a4 15. Bc3 Bf8 16. Rf1 Nc5 17. Ne1 Nbd7 18. Nd3 Nxd3 19. Qxd3 Nc5 20. Qe3 Nb3 21. Rad1 Bc5 22. Qg5 f6 23. Qh4 Be6 24. Bg4 Qf7 25. Nf5 Bxf5 26. Bxf5 g6 27. Rd7 Re7 28. Rxe7 Qxe7 29. Bg4 Bd4 30. Qg3 Qc5 31. Bxd4 Qxd4 32. Qh4 Rf8 33. Rd1 Qxc4 34. Qh6 Nd4 35. h4 Qf7 36. Qe3 Kg7 37. h5 {[%emt 1:47:47]} gxh5 {[%emt 1:47:22]} 38. Bf5 {[%emt 0:00:30]} Kh8 {[%emt 0:00:30]} 39. g3 {[%emt 0:00:30]} Qg7 {[%emt 0:00:30]} 40. Kg2 {[%emt 0:00:00]} Qg5 {[%emt 0:00:00]} 41. f4 {[%emt 0:05:43]} Nxf5 {[%emt 0:04:08]} 42. exf5 {[%emt 0:00:30]} Qxf5 {[%emt 0:00:30]} 43. fxe5 {[%emt 0:06:30]} fxe5 {[%emt 0:01:30]} 44. Re1 {[%emt 0:00:30]} h4 {[%emt 0:07:54]} 45. gxh4 {[%emt 0:03:32]} Rd8 {[%emt 0:00:54]} 46. Qxe5+ {[%emt 0:03:22]} Qxe5 {[%emt 0:00:05]} 47. Rxe5 {[%emt 0:00:00]} Rd2+ {[%emt 0:00:10]} 48. Kg3 {[%emt 0:00:09]} Rxb2 {[%emt 0:00:27]} 49. Re7 {[%emt 0:01:30]} c5 {[%emt 0:07:43]} 50. Kf4 {[%emt 0:04:52]} b5 {[%emt 0:04:33]} 51. h5 {[%emt 0:04:05]} b4 {[%emt 0:02:51]} 52. h6 {[%emt 0:03:30]} Rf2+ {[%emt 0:00:11]} 53. Ke3 {[%emt 0:01:27]} Rf8 {[%emt 0:00:02]} 54. Kd3 {[%emt 0:01:06]} Rb8 {[%emt 0:01:56]} 55. Kc2 {[%emt 0:00:16]} bxa3 {[%emt 0:00:42]} 56. Ra7 {[%emt 0:00:19]} Kg8 {[%emt 0:01:27]} 57. Rg7+ {[%emt 0:01:35]} Kf8 {[%emt 0:01:19]} 58. Rxh7 {[%emt 0:00:22]} Rb2+ {[%emt 0:03:36]} 59. Kc3 {[%emt 0:01:22]} Rb3+ {[%emt 0:00:07]} 60. Kc4 {[%emt 0:00:28]} a2 {[%emt 0:00:05]} 0-1

[Event "Turkish Super League 2019"]
[Site "Konya"]
[Date "2019.07.21"]
[Round "6"]
[White "Kilic, Efe Mert"]
[Black "Yurtseven, Melih"]
[Result "1-0"]
[WhiteElo "2275"]
[BlackElo "2381"]
[Annotator "NA"]
[PlyCount "115"]
[EventDate "2019.07.17"]
[EventType "team-tourn"]
[EventCountry "TUR"]
[SourceTitle "playchess.com"]
[Source "ChessBase"]
[SourceQuality "1"]
[TimeControl "40/5400+30:1800+30"]

1. Nf3 d5 2. b3 Nf6 3. Bb2 Bf5 4. g3 e6 5. Bg2 a5 6. c4 a4 7. Qc1 h6 8. O-O Be7 9. d3 O-O 10. Na3 Bh7 11. Rd1 Na6 12. Nc2 c6 13. Ne5 Nd7 14. Nxd7 Qxd7 15. b4 Nc7 16. a3 Rfe8 17. e4 Bf8 18. f4 c5 19. b5 Rad8 20. Ne3 Na8 21. cxd5 exd5 22. Nxd5 Qxb5 23. Qc3 Qc6 24. Qa5 b6 25. Qa6 h5 26. h4 Qg6 27. Kf2 Qc6 28. Rac1 Rd6 29. Bf3 Qd7 30. Be5 Rh6 31. Kg2 Kh8 32. Rb1 Bg8 33. Bc3 Rb8 34. Qb5 Qxb5 35. Rxb5 Rc6 36. Rdb1 f6 {[%emt 1:47:26]} 37. e5 {[%emt 1:47:48]} Rcc8 {[%emt 0:00:30]} 38. Nxb6 {[%emt 0:00:30]} Nxb6 {[%emt 0:00:30]} 39. Rxb6 {[%emt 0:00:30]} Rxb6 {[%emt 0:00:30]} 40. Rxb6 {[%emt 0:00:30]} fxe5 {[%emt 0:00:00]} 41. Bxe5 {[%emt 0:01:12]} Bf7 {[%emt 0:02:34]} 42. Ra6 {[%emt 0:07:30]} Rd8 {[%emt 0:07:30]} 43. Be4 {[%emt 0:01:30]} Bb3 {[%emt 0:01:30]} 44. Rh6+ {[%emt 0:07:36]} Kg8 {[%emt 0:00:00]} 45. Bh7+ {[%emt 0:01:03]} Kf7 {[%emt 0:01:00]} 46. Bg6+ {[%emt 0:00:03]} Ke6 {[%emt 0:01:33]} 47. Rxh5 {[%emt 0:03:38]} Bc2 {[%emt 0:00:27]} 48. Rh8 {[%emt 0:04:20]} Ke7 {[%emt 0:05:48]} 49. Bc7 {[%emt 0:05:02]} Rc8 {[%emt 0:10:06]} 50. Ba5 {[%emt 0:00:53]} Rb8 {[%emt 0:03:53]} 51. h5 {[%emt 0:00:18]} Bb1 {[%emt 0:00:49]} 52. Kh3 {[%emt 0:01:01]} Kd6 {[%emt 0:01:01]} 53. d4 {[%emt 0:00:53]} Bxg6 {[%emt 0:00:36]} 54. dxc5+ {[%emt 0:00:32]} Kxc5 {[%emt 0:00:30]} 55. hxg6 {[%emt 0:00:09]} Kc4 {[%emt 0:00:21]} 56. Bc7 {[%emt 0:01:46]} Bd6 {[%emt 0:00:54]} 57. Bxb8 {[%emt 0:00:09]} Bxa3 {[%emt 0:00:10]} 58. Be5 {[%emt 0:00:04]} 1-0

[Event "Turkish Super League 2019"]
[Site "Konya"]
[Date "2019.07.21"]
[Round "6"]
[White "Gunduz, Umut Erdem"]
[Black "Tanriverdi, Enes"]
[Result "0-1"]
[WhiteElo "2261"]
[BlackElo "2374"]
[Annotator "NA"]
[PlyCount "86"]
[EventDate "2019.07.17"]
[EventType "team-tourn"]
[EventCountry "TUR"]
[SourceTitle "playchess.com"]
[Source "ChessBase"]
[SourceQuality "1"]
[TimeControl "40/5400+30:1800+30"]

1. e4 c5 2. Nf3 e6 3. Qe2 Nc6 4. g3 g6 5. Bg2 Bg7 6. c3 Nge7 7. O-O O-O 8. d4 cxd4 9. cxd4 d5 10. Nc3 dxe4 11. Nxe4 Nf5 12. Bg5 f6 13. Bd2 Ncxd4 14. Nxd4 Nxd4 15. Qc4 b5 16. Qd3 Bb7 17. Bb4 f5 18. Nf6+ Rxf6 19. Bxb7 Rb8 20. Bg2 e5 21. Rad1 Rf7 22. Bc5 e4 23. Qb1 Rd7 24. Kh1 h5 25. Rd2 Bh6 26. Rxd4 Rxd4 27. Bxa7 Rc8 28. Bxd4 Qxd4 29. a3 Kg7 30. b4 Bd2 31. Qd1 Qd3 32. Qa1+ Bc3 33. Qa2 Qc4 34. Qb1 h4 35. Rc1 hxg3 36. hxg3 e3 37. fxe3 Qe2 38. Qc2 Qxe3 39. Bb7 Rc7 40. Kg2 Be5 41. Bc6 Qxg3+ 42. Kf1 Qxa3 {[%emt 1:44:00]} 43. Rb1 {[%emt 1:52:30]} Rxc6 {[%emt 0:00:30]} 0-1